Statistics for Guess the 1970s song lyrics #68

Click here to take the quiz!

General Stats

  • This quiz has been taken 27 times
  • The average score is 117 of 227

Answer Stats

Answer% Correct
I
96%
a
92%
the
88%
And
81%
and
81%
in
81%
love
73%
me
73%
When
73%
when
73%
home
69%
my
69%
to
69%
you
69%
can
65%
don't
65%
dont'
65%
of
62%
take
62%
They
62%
for
58%
It's
58%
So
58%
so
58%
all
54%
If
54%
on
54%
your
54%
at
50%
away
50%
from
50%
think
50%
was
50%
day
46%
got
46%
one
46%
those
46%
us
46%
far
42%
know
42%
Oh
42%
oh
42%
back
38%
hurt
38%
night
38%
them
38%
girls
35%
knew
35%
Kodachrome
35%
never
35%
read
35%
though
35%
wonder
35%
boy
31%
camera
31%
crap
31%
give
31%
Give
31%
high
31%
learned
31%
Leave
31%
mama
31%
Mama
31%
school
31%
world's
31%
yeah
31%
bright
27%
colors
27%
everything
27%
hasn't
27%
nice
27%
Nikon
27%
photograph
27%
single
27%
summers
27%
sunny
27%
took
27%
wall
27%
writing
27%
black
23%
brought
23%
education
23%
greens
23%
imagination
23%
lack
23%
looks
23%
Makes
23%
match
23%
none
23%
sweet
23%
they'd
23%
together
23%
white
23%
ooh
12%
better
8%

Score Distribution

Percentile by Number Answered

Percent of People with Each Score

Your Score History

You have not taken this quiz